| Поле | Инд. | ПП | Название | Значение |
|---|---|---|---|---|
| Тип записи | a | |||
| Библиографический уровень | b | |||
| 001 | Контрольный номер | RU/IS/BASE/145380437 | ||
| 005 | Дата корректировки | 20200610184253.8 | ||
| 084 | a | Индекс другой классификации/Индекс ББК | 65.240.7в6 | |
| a | Индекс другой классификации/Индекс ББК | 65.248.7(2Рос)-18 | ||
| 100 | 10 | a | Автор | Моисеенко В. М. |
| q | Полное имя | Моисеенко Валентина Михайловна | ||
| 245 | 00 | a | Заглавие | Теория человеческого капитала и исследования миграционных процессов в России |
| 504 | 00 | a | Библиография | Лит.: с. 136 - 137. - Примеч. |
| 520 | 00 | a | Аннотация | Статья посвящена вопросам применения концепции человеческого капитала для анализа миграционных процессов в России. Эта концепция дает возможность моделировать соотношения затрат на миграцию и выгод, получаемых в случае переезда |
| 600 | a | Персоналии | Беккер Гари | |
| 650 | a | Основная рубрика | трудовые ресурсы | |
| a | Основная рубрика | экономика | ||
| a | Основная рубрика | экономика труда | ||
| 653 | 00 | a | Ключевые слова | беженцы |
| a | Ключевые слова | вынужденные переселенцы | ||
| a | Ключевые слова | международная трудовая миграция | ||
| a | Ключевые слова | миграционное поведение | ||
| a | Ключевые слова | миграционное сальдо | ||
| a | Ключевые слова | миграционные процессы | ||
| a | Ключевые слова | миграционные теории | ||
| a | Ключевые слова | миграционный оборот | ||
| a | Ключевые слова | миграция населения | ||
| a | Ключевые слова | нелегальная миграция | ||
| a | Ключевые слова | перераспределение доходов | ||
| a | Ключевые слова | Россия | ||
| a | Ключевые слова | сезонная миграция | ||
| a | Ключевые слова | социально-экономическое развитие | ||
| a | Ключевые слова | СССР | ||
| a | Ключевые слова | трудовая миграция (миграция рабочей силы) | ||
| a | Ключевые слова | человеческий капитал | ||
| a | Ключевые слова | чистая миграция | ||
| a | Ключевые слова | эконометрические модели | ||
| a | Ключевые слова | экономическая миграция | ||
| 700 | 10 | a | Автор | Чудиновских О. С. |
| q | Полное имя | Чудиновских Ольга Сергеевна | ||
| 773 | 00 | t | Заглавие источника | Проблемы прогнозирования |
| d | Дата издания источника | 2000 | ||
| g | Прочая информация | № 4. - С. 124 - 137 : экон. расчет. | ||
| w | Контрольный № источника | RU/IS/BASE/142087671 | ||
| 901 | t | Тип документа | b |